书目信息 |
| 题名: |
国际商务英语
|
|
| 作者: | 王中华 , 赵常华 编著 | |
| 分册: | ||
| 出版信息: | 北京 首都经济贸易大学出版社 2005.7 |
|
| 页数: | 228页 | |
| 开本: | 21cm | |
| 丛书名: | 经贸英语快餐系列 | |
| 单 册: | ||
| 中图分类: | H31 | |
| 科图分类: | ||
| 主题词: | 国际贸易--guo ji mao yi--英语 | |
| 电子资源: | ||
| ISBN: | 7-5638-1243-1 | |
| 000 | 00910nam 2200265 450 | |
| 001 | CAL 012006039897 | |
| 005 | 20061030150650.23 | |
| 010 | @a7-5638-1243-1@dCNY12.80 | |
| 099 | @aCAL 012006039897 | |
| 100 | @a20060918d2005 em y0chiy0120 ea | |
| 101 | 0 | @achi@aeng |
| 102 | @aCN@b110000 | |
| 105 | @ay z 000yy | |
| 200 | 1 | @a国际商务英语@Aguo ji shang wu ying yu@f王中华,赵常华编著 |
| 210 | @a北京@c首都经济贸易大学出版社@d2005.7 | |
| 215 | @a228页@d21cm | |
| 225 | 2 | @a经贸英语快餐系列@Ajing mao ying yu kuai can xi lie |
| 330 | @a本书共分为十四个单元, 内容包括: 国际商务的特点、跨国公司、跨国投资的动机、如何进入国际市场、国际营销、经济一体化等。 | |
| 410 | 0 | @12001 @a经贸英语快餐系列 |
| 606 | 0 | @a国际贸易@Aguo ji mao yi@x英语 |
| 690 | @aH31@v4 | |
| 701 | 0 | @a王中华@Awang zhong hua@4编著 |
| 701 | 0 | @a赵常华@Azhao chang hua@4编著 |
| 801 | 0 | @aCN@c20061030 |
| 905 | @apdsgxy@dH31@eW470 | |
| 国际商务英语/王中华,赵常华编著.-北京:首都经济贸易大学出版社,2005.7 |
| 228页;21cm.-(经贸英语快餐系列) |
| ISBN 7-5638-1243-1:CNY12.80 |
| 本书共分为十四个单元, 内容包括: 国际商务的特点、跨国公司、跨国投资的动机、如何进入国际市场、国际营销、经济一体化等。 |
| ● |
| 相关链接 |
|
|
|
正题名:国际商务英语
索取号:H31/W470
 
预约/预借
| 序号 | 登录号 | 条形码 | 馆藏地/架位号 | 状态 | 备注 |
| 1 | 635029 | 206350296 | 语言库209/209语言库 87排4列2层/ [索取号:H31/W470] | 在馆 | |
| 2 | 635030 | 206350303 | 语言库209/209语言库 87排4列2层/ [索取号:H31/W470] | 在馆 | |
| 3 | 635031 | 206350312 | 语言库209/209语言库 87排4列2层/ [索取号:H31/W470] | 在馆 |